Be A Better Leader / (Record no. 58210)

MARC details
000 -LEADER
fixed length control field 00457pam a2200157 a 4500
020 ## - INTERNATIONAL STANDARD BOOK NUMBER
International Standard Book Number 9781444103267
Terms of availability
041 ## - LANGUAGE CODE
Language code of original
082 ## - DEWEY DECIMAL CLASSIFICATION NUMBER
Classification number 658
Item number DOH/THO
100 ## - MAIN ENTRY--PERSONAL NAME
Personal name Doherty C ,.
Relator term Author .
245 ## - TITLE STATEMENT
Title Be A Better Leader /
Medium Textual Documents
260 ## - PUBLICATION, DISTRIBUTION, ETC.
Place of publication, distribution, etc. [s.l]:
Name of publisher, distributor, etc. The Tech Yourself Leadiership Licensing Agency LTD . Landon,
Date of publication, distribution, etc. 2010.
300 ## - PHYSICAL DESCRIPTION
Extent 336:
Other physical details xvi;
Dimensions 19*12.
653 ## - INDEX TERM--UNCONTROLLED
Uncontrolled term General management
700 ## - ADDED ENTRY--PERSONAL NAME
Personal name Thompson J. E ,
Relator term Author.
930 ## - EQUIVALENCE OR CROSS-REFERENCE-UNIFORM TITLE HEADING [LOCAL, CANADA]
Uniform title 14988
Holdings
Withdrawn status Lost status Damaged status Not for loan Collection Home library Current library Shelving location Date acquired Source of acquisition Cost, normal purchase price Total Checkouts Full call number Barcode Date last seen Date last checked out Copy number Price effective from Koha item type
        EWP College of Engineering for Women, Pune College of Engineering for Women, Pune CUP146/R 31/01/2013 Bharati Madhyavarti Sahakari Grahak Bhandar Ltd., 517.00 3 658 DOH/THO EWP-16003 14/02/2025 12/02/2025 1 24/02/2023 Book